01385cam a22003131a 4500001001300000003000400013005001700017008004100034010001700075035001900092040006200111042001200173043001200185050002400197070002200221082001100243100004200254245024100296260004400537300003900581440004900620500011200669501015300781504002800934500002000962650002600982650002701008700003601035gs 58000241 DLC20260227111407.0780714s1958 dcuab b f001 0 eng c ags 58000241  a(OCoLC)4054762 aU.S. Geol. Survey. Library.cCLSdOCoLCdDNALdOCoLCdDLC apremarc an-us-mt00aTC801b.U2 no. 14240 a407bG29W no.1424 a551.491 aMoulder, E. A.q(Edward Arlo),d1922-10aGround-water factors affecting drainage in the First Division, Buffalo Rapids Irrigation Project, Prairie and Dawson Counties, Montana /cby E.A. Moulder and F.A. Kohout. With a section on Chemical quality of the water, by E.R. Jochens. aWashington, D.C. :bU.S. G.P.O.,c1958. avi, 198 p. :bill., maps ;c23 cm. 0aGeological Survey water-supply paper ;v1424 a"Prepared as part of the program of the Dept. of the Interior for development of the Missouri River basin." aTC801 .U2 no. 1424 with : Phreatophytes / T. W. Robinson. Washington : U. S. Govt. Print. Off., 1958. Bound together subsequent to publication.5DLC aBibliography: p. 72-73. aIncludes index. 0aGroundwaterzMontana. 0aWater-supplyzMontana.1 aKohout, Francis Anthony,d1924-